| 000 | 00611nam a2200205Ia 4500 | ||
|---|---|---|---|
| 003 | GCL | ||
| 008 | 140319s9999 xx 000 0 ara d | ||
| 040 |
_aGCL / _cGCL |
||
| 082 | 0 | 4 |
_a251.1 _bا ا |
| 100 | 1 | _aاحمد محمد شاكر | |
| 245 | 1 | 0 |
_aالفقه الحديث / _cاحمد محمد شاكر |
| 700 | 1 | _aالحافظ العراقى ابى الفضل زين ا | |
| 260 |
_a[S.N] : _bعالم الكتب الحديث ، _c1988 |
||
| 300 | _a492 ص | ||
| 490 | _a | ||
| 650 | 0 | 4 | _aالحديث |
| 650 | 0 | 4 | _aاحكام الشريعة |
| 650 | 0 | 4 | _aاسناد الحديث |
| 942 |
_2ddc _cBK |
||
| 999 |
_c40795 _d40795 |
||